000 00818nam a2200229 i 4500
001 33487
003 ES-MaACL
005 20250824230039.0
007 t|
008 030202s1973 sp ||||1| spa d
130 0 _aBiblia.
_pA.T. Josué.
_lEspañol.
_9119266
245 1 0 _aJosué y Jueces /
_ctraducción de Manuel Iglesias González ; revisión de José María Valverde ; comentario de Luis Alonso Schökel.
260 _aMadrid :
_bCristiandad,
_c[1973]
300 _a273 p. ;
_c19 cm.
490 1 _aLos libros sagrados ;
_v3
700 1 _aIglesias González, Manuel.
_965119
700 1 _aValverde, José María,
_d1926-1996
_9113013
700 1 _aAlonso Schökel, Luis.
_9181472
830 0 4 _aLos libros sagrados
_v3
_9181473
852 _aES-MaACL
_jC-52043
_bR.85832
999 _c33487
_d33487